000 00290nam a22001217a 4500
008 230619b xxu||||| |||| 00| 0 eng d
082 _a220
_bBS
100 _cRobert Conquest
245 _aReligion in the USSR
260 _aLondon
_bThe Bodley Head
_c1968
300 _a135p
942 _2ddc
_cBK
999 _c1317
_d1317